| 000 | 00809nam a2200193 i 4500 | ||
|---|---|---|---|
| 001 | 142224 | ||
| 003 | ES-MaACL | ||
| 005 | 20230906200455.0 | ||
| 007 | t| | ||
| 008 | 071003s1976 sp ||||1| spa d | ||
| 111 | 2 |
_aCurso sobre Enfermedades del Aparato Digestivo ( _n3º. _d1976. _cBilbao) _9614 |
|
| 245 | 1 | 0 |
_aIII curso sobre "Enfermedades del aparato digestivo" / _cdirigido por el Dr. A. Villanueva Eda ; con la colaboración de la Asociación Gastroenterológica Vizcaina. |
| 260 |
_aMadrid : _bLaboratorios Delagrange, _c1976. |
||
| 300 |
_a266 p. : _bil. ; _c22 cm. |
||
| 650 | 1 | 4 |
_aAparato digestivo- _xEnfermedades- _vCongresos y asambleas. _99907 |
| 700 | 1 |
_aVillanueva Edo, Antonio. _9115039 |
|
| 710 | 2 |
_aAsociación Gastroenterológica Vizcaína. _91711 |
|
| 852 |
_aES-MaACL _jA-6536 _bR.95317 |
||
| 999 |
_c142224 _d142224 |
||